Los derechos del hombre

Збережено в:
Бібліографічні деталі
Автор: Paine, Thomas (autor)
Формат: Книга
Мова:Іспанська
Опубліковано: Ciudad de México Fondo de Cultura Económica 1986
Редагування:2a. ed
Серія:Obras de Política y Derecho
Предмети:
Теги: Додати тег
Немає тегів, Будьте першим, хто поставить тег для цього запису!

MARC

LEADER 00000nam a2200000 a 4500
001 UCS5873
003 CL-VaPUC
008 970906e19860000MX |||||||||||||||||spa|d
082 0 4 |a 323.4  |b PAI  |2 21 
100 |a Paine, Thomas  |e autor  |9 586339 
245 1 4 |a Los derechos del hombre 
250 |a 2a. ed 
300 |a 262 p 
942 |c BK 
945 |d 19970906 00:00:00  |a lriquelm 
260 |a Ciudad de México  |b Fondo de Cultura Económica  |c 1986 
650 0 |a Derechos civiles  |9 255655 
650 0 |a Constituciones  |9 255417 
650 7 |a GOBIERNOS  |2 CL-VaPUC  |9 376544 
650 0 |a Sociedad  |9 307903 
650 7 |a DERECHOS DEL HOMBRE  |2 CL-VaPUC  |9 391409 
650 0 |a Sistemas de gobiernos   |9 330159 
651 0 |a Europa  |9 255156 
651 0 |a Francia  |9 255157 
651 0 |a Inglaterra  |9 255158 
651 0 |a Estados Unidos  |9 255178 
583 |a last modification  |c 19970906 00:00:00  |k Rodrigo Vera 
490 0 |a Obras de Política y Derecho 
999 |c 262004  |d 262002 
952 |0 0  |1 0  |4 0  |6 323_400000000000000_PAI_1986  |7 0  |8 DER_TF  |9 290145  |a BIBDER  |b BIBDER  |d 2019-11-19  |i 1880217  |o 323.4 PAI 1986  |p 1880217  |r 2023-01-25  |w 2019-11-19  |x Ubicación 4to Piso  |y BK  |z Estos recursos deben solicitarse con anticipación  |k DER